000 00219 a2200085 4500
020 _a978-3836541060
100 _aCharlotte Fiell and Peter Fiell
245 _aDesign of the 20th Century
260 _bTaschen America Llc
_c2012
999 _c13225
_d13225